000 00482nam a22001697a 4500
005 20260407120119.0
008 260407b |||||||| |||| 00| 0 eng d
037 _cDSWL
040 _aDSWL
_cDSWL
041 _heng
100 _aSahu, Mansi
_91234215
245 _aReintegration of Ex-convicts in the society
260 _aNew Delhi,
_bDepartment of Social Work,
_c2017
300 _a117p
942 _2CC
_cTH
_n0
999 _c1848036
_d1848036